| 000 | 01209nam a22003497a 4500 | ||
|---|---|---|---|
| 003 | CHAP | ||
| 005 | 20220329140145.0 | ||
| 008 | 971013s1980 r 00010 d | ||
| 010 | _a47815 | ||
| 011 | _a48787 | ||
| 035 | _a52933 | ||
| 040 | _cCHAP | ||
| 090 | _aTesis | ||
| 100 | 0 | 0 |
_aSaldívar Zúñiga, Emeterio. _9101552 |
| 245 | _aDeterminación de la inmunidad celular en aves vacunadas contra la enfermedad de newcastle por medio de la prueba MIF | ||
| 260 |
_aMéxico, D.F. : _bEl autor, _c1980 |
||
| 300 |
_a231 p. _b: ilus. |
||
| 502 | _aTesis (médico Veterinario Zootecnista) --UNAM. Fac. de Medicina Veterinaria y Zootecnia | ||
| 590 |
_aALEPH _b10 _c20130110 _lUCH01 _h1318 |
||
| 590 |
_aBATCH-UPD _b10 _c20130110 _lUCH01 _h1404 |
||
| 590 |
_aBATCH-UPD _b10 _c20130410 _lUCH01 _h0854 |
||
| 590 |
_aBATCH-UPD _b10 _c20130914 _lUCH01 _h0445 |
||
| 590 |
_aCONVERSION _b10 _c20130109 _lUCH01 _h1326 |
||
| 650 | 1 | 4 |
_aAntigenos y anticuerpos. _96080 |
| 650 | 1 | 4 |
_aAves de corral _xEnfermedades. _98646 |
| 650 | 1 | 4 |
_aEnfermedad de Newcastle. _936929 |
| 650 | 1 | 4 |
_aInmunidad. _958814 |
| 650 | 1 | 4 |
_aVacunas. _9117179 |
| 901 | _aBK | ||
| 942 | _cTESIS | ||
| 949 |
_bBC _cTES _d-117630 _eTS1 _h17211 _i52933 _si |
||
| 999 |
_c47815 _d47815 |
||